| 000 | 01068cam a22003137a 4500 | ||
|---|---|---|---|
| 001 | 1622 | ||
| 005 | 20260311092609.0 | ||
| 020 | _a9780439684026 | ||
| 040 |
_aDLC _cDLC _beng |
||
| 050 | 0 | 0 | _aQP111.6 |
| 082 | _a612.17 | ||
| 100 | 1 | _aCapeci, Anne | |
| 245 | 1 | 4 |
_aThe magic school bus : _bHas a heart / _cwritten by Anne Capeci ; illustrated by Degen, Bruce |
| 250 | _aFirst printing, January 2005 | ||
| 260 |
_aNew York : _bScholastic, _c2005 |
||
| 300 |
_a29 unnumbered pages : _bColor illustrations ; _c24 cm |
||
| 490 | 0 | _aThe Magic School Bus | |
| 500 | _a"Based on The Magic School Bus books written by Joanna Cole and illustrated by Bruce Degen."--T.p. verso. | ||
| 505 | _aJ | ||
| 520 | _aA story about Ms. Frizzle's class teaches young readers about the human heart and circulatory system. | ||
| 521 |
_a490
_bLexile |
||
| 521 |
_aJ
_bRaz-Plus |
||
| 650 | _aHealth | ||
| 650 | _aAnatomy | ||
| 650 | _aBiology | ||
| 700 | 1 |
_aDegen, Bruce _eillustrator |
|
| 906 |
_a7 _bcbc _corignew _d4 _encip _f20 _gy-gencatlg |
||
| 942 |
_2ddc _cBK _n0 |
||
| 999 |
_c1622 _d1622 |
||